[Event "Beersheba"]
[Site "Beersheba"]
[Date "1991.??.??"]
[Round "?"]
[White "Alterman, Boris"]
[Black "Fishbein, Alexander"]
[Result "1-0"]
[WhiteElo "2465"]
[BlackElo "2465"]

1.d4 Nf6 2.c4 g6 3.Nc3 Bg7 4.e4 d6 5.f3 O-O 6.Be3 c5 7.d5 e6 8.Qd2 exd5 9.cxd5 a6
10.a4 Nbd7 11.Nh3 Qa5 12.Ra3 c4 13.Nf2 Ne5 14.Be2 Qc7 15.O-O b6 16.Rc1 Rb8
17.b4 cxb3 18.Rxb3 Nc4 19.Bxc4 Qxc4 20.Rbb1 Nd7 21.Nb5 Qxa4 22.Nxd6 b5 23.f4 a5
24.e5 Nxe5 25.fxe5 Bxe5 26.Nxc8 Rfxc8 27.h3 h5 28.Nd3 Bd6 29.Nc5 Qh4 30.Qf2 Qxf2+
31.Kxf2 Rd8 32.Ne4 Be5 33.Rc5 a4 34.Rcxb5 Rxb5 35.Rxb5 Ra8 36.d6 f6 37.d7 a3
38.Ra5 Rd8 39.Nc5 Bd6 40.Rxa3 Bxc5 41.Bxc5 Rxd7 42.Ra8+ Kf7 43.Ra7 Rxa7 44.Bxa7 h4
45.Kf3 g5 46.Be3 Kg6 47.Ke4  1-0

[Event "Politicen Cup"]
[Site "Copenhagen"]
[Date "1991.??.??"]
[Round "?"]
[White "Fishbein, Alexander"]
[Black "Anderson, Renard"]
[Result "1-0"]
[WhiteElo "2465"]
[BlackElo "2245"]

1.e4 g6 2.d4 Bg7 3.Nc3 c6 4.Bc4 d6 5.Nf3 Nf6 6.e5 dxe5 7.Nxe5 O-O 8.O-O Nbd7
9.Bg5 Qc7 10.Re1 Nb6 11.Bb3 Nbd5 12.Qf3 Be6 13.Na4 Rad8 14.Rad1 Bf5 15.g4 Bc8
16.c4 Nb6 17.Nxb6 Qxb6 18.c5 Qc7 19.Bf4 Nd5 20.Bxd5 Rxd5 21.Nxg6 fxg6 22.Qxd5+ cxd5
23.Bxc7 Bxg4 24.Rd3 Bf5 25.Rd2 e6 26.Be5 Bh6 27.f4 Kf7 28.h4 Rc8 29.Re3 Rd8
30.b4 a6 31.a4 Bf8 32.Rc3 Rc8 33.Ra2 Ke8 34.b5 a5 35.c6 b6 36.c7 Bb4 37.Rc6 Kd7
38.Rxb6 Bd3 39.Rb7 Bc4 40.Rg2 Bd3 41.b6 Kc6 42.Rb8 Kd7 43.b7 Rxc7 44.Rd8+  1-0

[Event "Politicen Cup"]
[Site "Copenhagen"]
[Date "1991.??.??"]
[Round "?"]
[White "Fishbein, Alexander"]
[Black "Stentebjerg Hansen, Per"]
[Result "1-0"]
[WhiteElo "2465"]
[BlackElo "2255"]

1.e4 e6 2.Nc3 d5 3.Nf3 Nf6 4.e5 Nfd7 5.d4 c5 6.Bb5 Nc6 7.O-O Be7 8.dxc5 O-O
9.Bxc6 bxc6 10.b4 a5 11.b5 cxb5 12.c6 Nb8 13.c7 Qxc7 14.Nxb5 Qd7 15.a4 Nc6
16.Ba3 f6 17.Qe2 fxe5 18.Bxe7 Qxe7 19.Nxe5 Nxe5 20.Qxe5 Rf5 21.Qe3 Bd7 22.Qb6 Qd8
23.Qd6 Rb8 24.Nd4 Rf6 25.Rfb1 Rc8 26.Rb7 Rf7 27.Rf1 Qe7 28.Qxe7 Rxe7 29.Nxe6 Rxe6
30.Rxd7 Re4 31.f3 Rxa4 32.Re1 Kf8 33.h3 Rxc2 34.Ree7 d4 35.Rf7+ Kg8 36.Rxg7+ Kf8
37.Rxh7 Kg8 38.Rdg7+ Kf8 39.Ra7 Kg8 40.Rhd7 Rc8 41.h4 d3 42.h5  1-0

[Event "Politicen Cup"]
[Site "Copenhagen"]
[Date "1991.??.??"]
[Round "?"]
[White "Winterstein, Wolfgang"]
[Black "Fishbein, Alexander"]
[Result "0-1"]
[WhiteElo "2280"]
[BlackElo "2465"]

1.e4 c5 2.Nf3 Nc6 3.d4 cxd4 4.Nxd4 Nf6 5.Nc3 d6 6.Bg5 e6 7.Qd2 Be7 8.O-O-O O-O
9.f4 h6 10.Bh4 Bd7 11.Nf3 Qa5 12.Kb1 Rfd8 13.Rg1 Be8 14.Be2 b5 15.Nxb5 Qb6
16.Bxf6 Bxf6 17.c3 Rab8 18.g4 Na5 19.g5 hxg5 20.fxg5 Be5 21.Nbd4 Ba4 22.g6 fxg6
23.Nxe6 Bxd1 24.Rxd1 Rdc8 25.Neg5 Qc5 26.Nxe5 Qxe5 27.Qd5+ Qxd5 28.Rxd5 Nc4
29.Bxc4 Rxc4 30.Kc2 Rc5 31.b4 Rxd5 32.exd5 Rb5 33.c4 Rxb4 34.Kc3 Rb6 35.a4 Kf8
36.a5 Rb1 37.Ne6+ Ke7 38.Nc7 Kd7 39.Nb5 a6 40.Nd4 Rh1 41.Nc6 Rxh2 42.Nb8+ Kc8
43.Nxa6 Ra2 44.Nb4 Rxa5 45.Nc6 Ra3+ 46.Kb4 Re3 47.Nd4 Re4 48.Ne6 Kd7 49.Nf8+ Ke8
50.Nh7 Re5 51.Kb5 Rh5 52.Kc6 Rxh7 53.Kxd6 g5 54.Kc7 g4 55.c5 g3 56.c6 g5+
57.Kb8 g2 58.c7 Rxc7 59.Kxc7  0-1

[Event "Herning"]
[Site "Herning"]
[Date "1991.??.??"]
[Round "?"]
[White "Fishbein, Alexander"]
[Black "Sorensen, Jan"]
[Result "1/2-1/2"]
[WhiteElo "2460"]
[BlackElo "2405"]

1.e4 e6 2.d4 d5 3.e5 c5 4.c3 Nc6 5.Nf3 Qb6 6.Be2 cxd4 7.cxd4 Nh6 8.Bd3 Bd7
9.Bc2 Nb4 10.Bxh6 gxh6 11.O-O Nxc2 12.Qxc2 Rc8 13.Nc3 Bg7 14.Qd2 O-O 15.Rfc1 f6
16.exf6 Rxf6 17.Ne5 Qd6 18.g3 Rcf8 19.f4 h5 20.Ne2 Bb5 21.Rc5 Bxe2 22.Qxe2 Rf5
23.Qb5 a6 24.Qxb7 Bxe5 25.fxe5 Qd8 26.h4 Qe8 27.Qxa6 Qg6 28.Rc3 Qg4 29.Qd3 Rf3
30.Qd2 Kh8 31.Qe1 Qxd4+ 32.Kh1 Rf2 33.Qe3 Qg4 34.Kg1 R2f3 35.Qe1 Qh3 36.Rac1 d4
37.Rxf3 Rxf3 38.Rc8+ Kg7 39.Rc7+ Kg8 40.Rc8+ Kf7 41.Rc7+ Kg8 42.Rc8+ Kg7
43.Rc7+  1/2-1/2

[Event "Herning"]
[Site "Herning"]
[Date "1991.??.??"]
[Round "?"]
[White "Fishbein, Alexander"]
[Black "Watson, William N"]
[Result "1/2-1/2"]
[WhiteElo "2460"]
[BlackElo "2525"]

1.c4 e5 2.Nc3 d6 3.g3 g6 4.d4 Nd7 5.Nf3 Bg7 6.dxe5 dxe5 7.b3 Ne7 8.Bb2 O-O
9.Qd2 Nc5 10.Rd1 Qxd2+ 11.Nxd2 e4 12.Ba3 Bxc3 13.Bxc5 Re8 14.Rc1 Bb2 15.Rb1 Bc3
16.Rc1 Bb2 17.Rb1 Bg7 18.Bg2 f5 19.f3 exf3 20.Bxf3 Rb8 21.O-O b6 22.Bf2 Bb7
23.Bxb7 Rxb7 24.e4 c5 25.exf5 Nxf5 26.Rfe1 Rbe7 27.Nf3 Bf6 28.Rxe7 Rxe7 29.Re1 Rxe1+
30.Bxe1 Kf7 31.Kf2 Ke6 32.g4 Ne7  1/2-1/2

[Event "Herning"]
[Site "Herning"]
[Date "1991.??.??"]
[Round "?"]
[White "Fishbein, Alexander"]
[Black "Jansa, Vlastimil"]
[Result "1/2-1/2"]
[WhiteElo "2460"]
[BlackElo "2485"]

1.c4 g6 2.Nc3 c5 3.g3 Bg7 4.Bg2 Nc6 5.Nf3 e6 6.d4 cxd4 7.Nb5 d5 8.cxd5 Qa5+
9.Qd2 Qxb5 10.dxc6 Ne7 11.Nxd4 Qb6 12.e3 bxc6 13.b3 Ba6 14.Ba3 Rc8 15.Rd1 c5
16.Ne2 O-O 17.O-O Rfd8 18.Qc2 Nd5 19.Bxd5 exd5 20.Rfe1 d4 21.Nf4 Qa5 22.Bb2 d3
23.Qd2 Qxa2 24.Bxg7 Qxd2 25.Rxd2 Kxg7 26.e4 Rd4 27.h4 Rb4 28.Ra1 Bb5 29.Ra3 Rc6
30.Nd5 Rxe4 31.Rxa7 Re1+ 32.Kh2 Rd6 33.Ne3 Re2 34.Raa2 Rxd2 35.Rxd2 Kf6 36.f4 Re6
37.Nd5+ Kf5 38.Nc3 Ba6 39.Kg2 Rb6 40.Na4 Rxb3 41.Nxc5 Rc3 42.Nxa6 Rc2 43.Rf2 d2
44.Nb4 d1=Q 45.Nxc2 Qd5+ 46.Rf3 Qd2+ 47.Rf2 Qc3 48.Re2 Qc6+ 49.Kf2 Qb6+ 50.Kg2 Qb7+
51.Kf2 h5 52.Ne3+ Ke4 53.Nc4+ Kd3 54.Ne5+ Kc3 55.Re3+ Kd4 56.Nf3+ Kd5 57.Kf1 f6
58.Kf2 Qb6 59.Ke2 Qb2+ 60.Kf1 Kc4 61.Kg1 Qb6  1/2-1/2

[Event "Herning"]
[Site "Herning"]
[Date "1991.??.??"]
[Round "?"]
[White "Mortensen, Erling"]
[Black "Fishbein, Alexander"]
[Result "1/2-1/2"]
[WhiteElo "2450"]
[BlackElo "2460"]

1.e4 c5 2.Nf3 d6 3.d4 cxd4 4.Nxd4 Nf6 5.Nc3 Nc6 6.Bc4 e6 7.Be3 a6 8.Bb3 Be7
9.f4 O-O 10.O-O Nxd4 11.Bxd4 b5 12.e5 dxe5 13.fxe5 Ne8 14.Ne4 Bb7 15.Qd3 Bxe4
16.Qxe4 g6 17.a4 Ng7 18.g4 b4 19.Rad1 Qc7 20.Rd3 Rad8 21.Rfd1 a5 22.Kg2 Rc8
23.Be3 Rfd8 24.Rxd8+ Rxd8 25.Rxd8+ Qxd8 26.Bc4 h5 27.h3 hxg4 28.hxg4 Qd1
29.b3 Ne8 30.Bb6 Bd8 31.Bf2 Bc7 32.Bb5 Qd8 33.Bd4 Ng7 34.c4 bxc3 35.Bxc3 Qd1
36.b4 axb4 37.Bxb4 Bxe5 38.a5 Bd4 39.Be1 f5 40.Qe2 Qb3 41.Bc4 Qb7+ 42.Kh2 Qc7+
43.Kh3 Qc6 44.Bg3 Kh7 45.gxf5 exf5 46.Kh2 Nh5 47.Bb8 Qf6 48.a6 Qh4+ 49.Kg2 Qg5+
50.Kh3 Be3 51.Qf3 Qg1 52.Bd6 Ng7 53.Qg2 Qd1 54.Qe2 Qd4 55.Bb8 Qe4 56.Bd3 Qh1+
57.Qh2 Qf3+ 58.Qg3 Qh1+ 59.Qh2 Qd5 60.Qd6 Qf3+ 61.Qg3  1/2-1/2

[Event "Kerteminde"]
[Site "Kerteminde"]
[Date "1991.??.??"]
[Round "4"]
[White "Jansa, Vlastimil"]
[Black "Fishbein, Alexander"]
[Result "0-1"]
[WhiteElo "2495"]
[BlackElo "2465"]

1.e4 c5 2.Nf3 Nc6 3.d4 cxd4 4.Nxd4 Nf6 5.Nc3 d6 6.Bg5 e6 7.Qd2 Be7 8.O-O-O O-O
9.Nb3 Qb6 10.f3 Rd8 11.Be3 Qc7 12.Qf2 d5 13.exd5 Nxd5 14.Nxd5 Rxd5 15.Rxd5 exd5
16.a3 Bf6 17.g4 Bd7 18.g5 Be7 19.f4 Bf5 20.Bg2 Na5 21.Nd4 Be4 22.Bxe4 dxe4
23.Nf5 Bf8 24.Rd1 Rd8 25.Rxd8 Qxd8 26.Bxa7 Qd5 27.Ne3 Qa2 28.Bd4 Bxa3 29.Nd1 Qa1+
30.Kd2 Nc4+ 31.Ke2 Qc1 32.Ke1 Bxb2 33.Qe2 b5 34.Bxb2 Nxb2 35.Qd2 Qxd2+ 36.Kxd2 Nxd1
37.Kxd1 f5 38.gxf6 gxf6 39.f5 Kg7 40.Ke2 Kh6 41.Ke3 Kg5 42.Kxe4 Kg4  0-1

[Event "WchT U26"]
[Site "Maringa"]
[Date "1991.??.??"]
[Round "5"]
[White "Sorin, Ariel"]
[Black "Fishbein, Alexander"]
[Result "1/2-1/2"]
[WhiteElo "2405"]
[BlackElo "2465"]

1.d4 Nf6 2.c4 g6 3.Nc3 Bg7 4.e4 d6 5.Be2 O-O 6.Bg5 Na6 7.f4 c6 8.Nf3 Nc7
9.Bh4 b5 10.e5 Ng4 11.Qd2 bxc4 12.Bxc4 Ne6 13.h3 Nh6 14.g4 dxe5 15.fxe5 Kh8
16.O-O f5 17.exf6 exf6 18.Rae1 Nc7 19.Ne4 g5 20.Bg3 Nd5 21.Nc5 Nf7 22.Bd3 Qb6
23.Bb1 Nf4 24.Bxf4 gxf4 25.Ne6 Bxe6 26.Rxe6 Ng5 27.Qd3 Nxf3+ 28.Rxf3 f5 29.Rxf4 Qxb2
30.gxf5 Bf6 31.Re2 Qc1+ 32.Rf1 Rg8+ 33.Rg2 Rxg2+ 34.Kxg2 Rg8+ 35.Kh1 Qb2
36.Bc2 Qxa2 37.Qb3 Qxb3 38.Bxb3 Rg3 39.Be6 Rxh3+ 40.Kg2 Rc3 41.d5 cxd5 42.Bxd5 h5
43.Rf3 Rc5 44.Be6 h4 45.Rb3 Rc2+ 46.Kh3 Kg7 47.Rb7+ Kh6 48.Rxa7 Kg5 49.Ra4 Rc3+
50.Kg2 h3+ 51.Kh1 Re3 52.Rb4 Be5 53.Rb1 Kh4 54.Bd5 Rd3 55.Bb7 Bd4 56.Rf1  1/2-1/2

[Event "WchT U26"]
[Site "Maringa"]
[Date "1991.??.??"]
[Round "7"]
[White "Fishbein, Alexander"]
[Black "Gonzalez, Bernal M"]
[Result "1-0"]
[WhiteElo "2460"]
[BlackElo "2385"]

1.e4 c5 2.Nf3 d6 3.d4 cxd4 4.Nxd4 Nf6 5.Nc3 a6 6.Be2 e5 7.Nb3 Be6 8.O-O d5
9.exd5 Nxd5 10.Nxd5 Qxd5 11.Bf3 Qxd1 12.Rxd1 Nc6 13.Be3 Be7 14.Nc5 Bc8 15.c3 f5
16.Na4 Be6 17.Bxc6+ bxc6 18.Bc5 Bd8 19.Re1 Bf6 20.Bd6 e4 21.f3 Rd8 22.fxe4 fxe4
23.Ba3 Kf7 24.Nc5 Bf5 25.Nxe4 Bxe4 26.Rxe4 Rd2 27.Rae1 Rb8 28.R4e2 Rbd8 29.Bc5 R8d5
30.Be3 R2d3 31.Bc1 a5 32.Re4 h5 33.Kf1 Rd7 34.Bf4 Rb7 35.Bc1 Rbd7 36.Rc4 Rc7
37.Bf4 Rb7 38.Re2 Rd1+ 39.Kf2 Rb1 40.b3 Rb6 41.Be5 Bg5 42.g3 Ra6 43.Bd4 h4
44.g4 Rd1 45.Kg2 Rd3 46.Rc5 h3+ 47.Kf1 Rd1+ 48.Re1 Rxe1+ 49.Kxe1 Be7 50.Rf5+ Kg6
51.Rh5 Ra8 52.Rxh3 c5 53.Be3 a4 54.Kd2 axb3 55.axb3 Rd8+ 56.Kc2 Rd5 57.Rf3 Rd8
58.Rf5 Rh8 59.Bxc5 Rxh2+ 60.Kd3 Bg5 61.Be3 Bf6 62.Rf3 Rg2 63.g5 Bxg5 64.Bxg5 Kxg5
65.c4 Kg4 66.Rf7 Rg3+ 67.Kd4 Rxb3 68.Rxg7+ Kf5 69.Re7 Kf6 70.Re1 Kf7 71.c5 Rb8
72.Kd5 Rd8+ 73.Kc6 Rb8 74.Kc7 Rb4 75.c6  1-0

[Event "New York op"]
[Site "New York"]
[Date "1991.??.??"]
[Round "8"]
[White "Fishbein, Alexander"]
[Black "Garcia, Alvaro"]
[Result "1/2-1/2"]
[WhiteElo "2465"]
[BlackElo "2300"]

1.e4 e6 2.d4 d5 3.e5 c5 4.c3 Nc6 5.Nf3 Nge7 6.Na3 a6 7.Nc2 Bd7 8.Be2 Ng6
9.h4 cxd4 10.cxd4 Nb4 11.h5 Nxc2+ 12.Qxc2 Ne7 13.h6 gxh6 14.Bxh6 Bxh6 15.Rxh6 Nf5
16.Rf6 Rg8 17.Kf1 Rg6 18.Rxg6 hxg6 19.Qd2 Qb6 20.Rc1 Rc8 21.Rxc8+ Bxc8 22.g4 Ne7
23.Kg2 Nc6 24.a3 Bd7 25.b4 Kd8 26.Bd1 Qb5 27.Be2 Qb6 28.Kg3 Kc7 29.Qc3 Kd8
30.Bd3 Be8 31.Kf4 Ke7 32.Ke3 Nd8 33.Kd2 Ba4 34.Be2  1/2-1/2

[Event "Philadelphia World op"]
[Site "Philadelphia"]
[Date "1991.??.??"]
[Round "1"]
[White "Fishbein, Alexander"]
[Black "Pakkanen, Jukka"]
[Result "1-0"]
[WhiteElo "2460"]
[BlackElo "2290"]

1.e4 e5 2.Nf3 Nf6 3.Nxe5 d6 4.Nc4 Nxe4 5.d4 d5 6.Ne3 Qf6 7.Qe2 Be6 8.c3 Be7
9.Qc2 Nd7 10.Bd3 Nd6 11.O-O g5 12.b3 O-O-O 13.c4 Nf8 14.Nc3 dxc4 15.bxc4 Qxd4
16.Ncd5 Bxd5 17.Nxd5 Ng6 18.Bb2 Qh4 19.c5 Nf4 20.Nxe7+ Kb8 21.cxd6 Rxd6 22.Nf5 Qg4
23.f3  1-0

[Event "Philadelphia World op"]
[Site "Philadelphia"]
[Date "1991.??.??"]
[Round "2"]
[White "Buckley, Graeme"]
[Black "Fishbein, Alexander"]
[Result "0-1"]
[WhiteElo "2285"]
[BlackElo "2460"]

1.d4 Nf6 2.c4 g6 3.Nc3 Bg7 4.e4 d6 5.Be2 O-O 6.Bg5 Na6 7.Qd2 e5 8.d5 Qe8
9.f3 Nh5 10.g4 Nf4 11.Bxf4 exf4 12.Qxf4 f5 13.exf5 gxf5 14.g5 Nc5 15.Kf1 Be5
16.Qd2 f4 17.Re1 a5 18.h4 Bf5 19.Nh3 Qg6 20.Nf2 Kh8 21.Bd1 Bg7 22.Bc2 Bxc3
23.bxc3 Bxc2 24.Qxc2 Rae8 25.Kg2 Re3 26.Rxe3 fxe3 27.Ng4 Qf7 28.Qe2 Re8 29.Nxe3 Qf4
30.Re1 Qxh4 31.Qd2 Re5 32.Rg1 Qf4 33.Qd4 Qxe3 34.f4 Nd3 35.Kh2 Qe2+  0-1

[Event "Stavanger op"]
[Site "Stavanger"]
[Date "1991.??.??"]
[Round "1"]
[White "Hansen, Lars Bo"]
[Black "Fishbein, Alexander"]
[Result "0-1"]
[WhiteElo "2510"]
[BlackElo "2460"]

1.d4 Nf6 2.c4 g6 3.Nc3 Bg7 4.e4 d6 5.f3 O-O 6.Be3 c5 7.dxc5 dxc5 8.e5 Nfd7
9.f4 Nc6 10.Nf3 f6 11.exf6 Nxf6 12.Qxd8 Rxd8 13.Bxc5 b6 14.Ba3 Ng4 15.Rc1 e5
16.fxe5 Ncxe5 17.Be2 Nd3+ 18.Bxd3 Rxd3 19.Nd5 Bh6 20.Ke2 Rxd5 21.cxd5 Ba6+
22.Kd1 Nf2+ 23.Kc2 Rc8+ 24.Kb1 Bxc1 25.Re1 Bd3+ 26.Ka1 Ng4 27.d6 Ne3 28.Nd4 Bd2
29.Rg1 Nc4 30.Nc6 Rxc6 31.d7 Bg5  0-1

[Event "Stavanger op"]
[Site "Stavanger"]
[Date "1991.??.??"]
[Round "2"]
[White "Fishbein, Alexander"]
[Black "Whiteley, Andrew J"]
[Result "1-0"]
[WhiteElo "2460"]
[BlackElo "2330"]

1.e4 e6 2.d4 d5 3.exd5 exd5 4.Nf3 Nf6 5.Bg5 Be7 6.Bd3 O-O 7.O-O Bg4 8.Re1 Nbd7
9.Nbd2 Re8 10.Nf1 Ne4 11.Bxe7 Rxe7 12.Ne3 Ndf6 13.c4 Bxf3 14.Qxf3 dxc4 15.Bxc4 Nd6
16.Bb3 Qd7 17.Red1 Rae8 18.Rac1 Qb5 19.h3 a5 20.Rc5 Qb4 21.Kh2 Nfe4 22.Nd5  1-0

[Event "Stavanger op"]
[Site "Stavanger"]
[Date "1991.??.??"]
[Round "6"]
[White "Fishbein, Alexander"]
[Black "Ostenstad, Berge"]
[Result "1-0"]
[WhiteElo "2460"]
[BlackElo "2475"]

1.e4 e6 2.d4 d5 3.e5 c5 4.c3 Nc6 5.Nf3 Qb6 6.Be2 Nh6 7.Bd3 cxd4 8.cxd4 Bd7
9.Bc2 Nb4 10.Bxh6 gxh6 11.O-O O-O-O 12.Nc3 Nxc2 13.Rc1 Kb8 14.Rxc2 Rg8 15.Qd2 Bc6
16.Ne2 Qa6 17.a3 Bb5 18.Re1 Be7 19.Ng3 Rg6 20.Rec1 Bc6 21.Qf4 Rf8 22.Nh5 Qd3
23.Nf6 a6 24.Rc3 Qe2 25.Rxc6 bxc6 26.Nd7+ Kc7 27.Nxf8 Rg7 28.Nxe6+ fxe6 29.b4 Qd3
30.Qxh6 Rg6 31.Qe3 Qxe3 32.fxe3 Rg8 33.Nd2 a5 34.bxa5 Bxa3 35.Rf1 Rg7 36.Nb3 Kb7
37.Ra1 Bb4 38.a6+ Ka7 39.Ra4 Bf8 40.Na5 Rc7 41.Nb7 Rc8 42.Kf2 Be7 43.Ke2 Rg8
44.g3 h5 45.Ra1 h4 46.gxh4 Rg2+ 47.Kf3 Rxh2 48.Na5 Rc2 49.h5 Bf8 50.Nb7 Rc3
51.Nd6  1-0

[Event "Vienna op"]
[Site "Vienna"]
[Date "1991.??.??"]
[Round "3"]
[White "Fishbein, Alexander"]
[Black "Pfeiffer, Herbert"]
[Result "1-0"]
[WhiteElo "2460"]
[BlackElo "2290"]

1.e4 d5 2.exd5 Nf6 3.d4 Nxd5 4.Nf3 g6 5.c4 Nb6 6.Nc3 Bg7 7.Be3 O-O 8.h3 Nc6
9.Be2 e5 10.d5 Ne7 11.O-O Nf5 12.Bg5 f6 13.Bc1 c6 14.dxc6 bxc6 15.Ne4 Qe7
16.b3 Rd8 17.Qc2 Nd4 18.Nxd4 exd4 19.Bd3 c5 20.Ba3 Nd7 21.Qd2 f5 22.Rfe1 Qf8
23.Ng5 Ne5 24.Qe2 Qd6 25.Rad1 h6 26.Nf3 Nxd3 27.Rxd3 Bb7 28.Nd2 Re8 29.Qxe8+ Rxe8
30.Rxe8+ Bf8 31.Nf3 Qc6 32.Rd8 Qc7 33.R3xd4 Bxf3 34.R4d7 Qa5 35.Bb2  1-0

[Event "Vienna op"]
[Site "Vienna"]
[Date "1991.??.??"]
[Round "4"]
[White "Fishbein, Alexander"]
[Black "Danek, Libor"]
[Result "1-0"]
[WhiteElo "2460"]
[BlackElo "2350"]

1.e4 c5 2.Nf3 Nc6 3.d4 cxd4 4.Nxd4 g6 5.Nc3 Bg7 6.Nb3 Nf6 7.Be2 O-O 8.O-O d6
9.Bg5 a6 10.a4 Be6 11.f4 Na5 12.Kh1 Rc8 13.Nxa5 Qxa5 14.Bd3 Bc4 15.Qf3 e6
16.f5 Bxd3 17.cxd3 Qb4 18.Rf2 h5 19.h3 Rce8 20.Qg3 exf5 21.exf5 Kh7 22.Raf1 Ng8
23.f6 Bh6 24.Ne4 Re5 25.Bf4 Bxf4 26.Rxf4 Qxb2 27.Nxd6 Rd5 28.Ne4 Qc2 29.Rf5 Rxf5
30.Rxf5 Nh6 31.Rc5 Qxa4 32.Kh2 Qd1 33.Ng5+ Kg8 34.Nxf7 Ng4+ 35.hxg4 Rxf7
36.Qb8+ Kh7 37.Qe8 Qb3 38.Rc8 Kh6 39.g5+ Kxg5 40.Rc5+ Kh6 41.Qh8+  1-0

[Event "Vienna op"]
[Site "Vienna"]
[Date "1991.??.??"]
[Round "5"]
[White "Budnikov, Alexandar"]
[Black "Fishbein, Alexander"]
[Result "1-0"]
[WhiteElo "2525"]
[BlackElo "2460"]

1.d4 Nf6 2.c4 g6 3.Nc3 Bg7 4.e4 d6 5.Be2 O-O 6.Bg5 Na6 7.f3 c6 8.Qd2 e5 9.d5 cxd5
10.cxd5 Bd7 11.h4 Qb6 12.g4 h5 13.Be3 Nc5 14.g5 Ne8 15.Nh3 a5 16.Nf2 a4 17.Nd3 Nxd3+
18.Bxd3 Qa5 19.Rc1 Rc8 20.Kf2 Qd8 21.Nb5 f5 22.Rxc8 Bxc8 23.Kg2 fxe4 24.Bxe4 Bf5
25.Qb4 Qd7 26.Nc3 Bxe4 27.Qxe4 Qf7 28.Nxa4 b5 29.Nb6 Nc7 30.Rc1 b4 31.a4 bxa3
32.bxa3 Nb5 33.a4 Nd4 34.Bxd4 exd4 35.Qe6 Kh7 36.Qxf7 Rxf7 37.a5 Re7 38.Kf2 d3
39.Rd1 Bd4+ 40.Kg3 Bc3 41.Rxd3 Bxa5 42.Nc4 Bb4 43.Rb3 Bc5 44.Nd2 Bd4 45.Ne4 Kg7
46.Rb4 Be3 47.f4 Rd7 48.Kf3 Bg1 49.Rc4 Ba7 50.Rc6 Bb8 51.Rb6 Bc7 52.Rb7 Re7
53.Nc3 Bd8 54.Rxe7+ Bxe7 55.Nb5 Bd8 56.Nxd6 Ba5 57.Nb7  1-0

[Event "Vienna op"]
[Site "Vienna"]
[Date "1991.??.??"]
[Round "7"]
[White "Fishbein, Alexander"]
[Black "Mahdi, Khaled"]
[Result "1-0"]
[WhiteElo "2460"]
[BlackElo "2360"]

1.e4 e5 2.Nf3 Nc6 3.Bb5 a6 4.Ba4 b5 5.Bb3 Bc5 6.O-O d6 7.c3 h6 8.d4 exd4
9.Nxd4 Nxd4 10.cxd4 Bb6 11.Nc3 Nf6 12.h3 O-O 13.e5 Nh7 14.Nd5 dxe5 15.Nxb6 cxb6
16.dxe5 Qh4 17.Qf3 Rb8 18.Bc2 Be6 19.Qd3 g6 20.Qe3 Rfc8 21.Bd3 Rd8 22.f4 Nf8
23.Bd2 Qe7 24.f5 Qc5 25.Qxc5 bxc5 26.fxe6 Nxe6 27.Bxg6 fxg6 28.Bxh6 Kh7 29.Be3 Rf8
30.Rxf8 Rxf8 31.Rf1 c4 32.Rxf8 Nxf8 33.Kf2 Kg8 34.Kf3 Kf7 35.Ke4 Ke6 36.h4 Nd7
37.Bd4 b4 38.g4 a5 39.h5 gxh5 40.gxh5 a4 41.h6 Nf8 42.Bc5 b3 43.axb3 axb3
44.Kd4  1-0

[Event "Vienna op"]
[Site "Vienna"]
[Date "1991.??.??"]
[Round "8"]
[White "Fishbein, Alexander"]
[Black "Murrey, Jacob"]
[Result "1-0"]
[WhiteElo "2460"]
[BlackElo "2450"]

1.e4 e5 2.Nf3 Nc6 3.Bb5 g6 4.O-O Bg7 5.c3 a6 6.Ba4 Nge7 7.d4 exd4 8.cxd4 O-O
9.Nc3 d5 10.exd5 Nxd5 11.Bg5 Nxc3 12.bxc3 Qd6 13.Qd2 Na5 14.Bf4 Qa3 15.Bc2 Nc4
16.Qe2 Nd6 17.Bb3 Bg4 18.h3 Rae8 19.Bxd6 cxd6 20.Bxf7+ Kxf7 21.Ng5+ Kg8 22.Qc4+ Be6
23.Nxe6 b5 24.Qc6 Rxe6 25.Qd5 Re8 26.Rae1 Be5 27.Re3 Kg7 28.f4 b4 29.fxe5 bxc3
30.Qf3 dxe5 31.d5 R6e7 32.Qf6+ Kg8 33.d6 Rb7 34.Rxe5 Qa4 35.Re7  1-0

[Event "Chicago Masters"]
[Site "Chicago"]
[Date "1992.??.??"]
[Round "?"]
[White "Umezinwa, George"]
[Black "Fishbein, Alexander"]
[Result "0-1"]
[WhiteElo "2310"]
[BlackElo "2495"]

1.d4 Nf6 2.c4 c5 3.d5 b5 4.cxb5 a6 5.bxa6 g6 6.Nc3 Bxa6 7.g3 d6 8.e4 Bg7
9.Nf3 O-O 10.Bxa6 Rxa6 11.O-O Nbd7 12.Qe2 Qa8 13.Bg5 Nb6 14.Rad1 Na4 15.Nxa4 Rxa4
16.Bxf6 Bxf6 17.a3 Qa6 18.Rfe1 Rb8 19.Rd2 Qxe2 20.Rexe2 Bg7 21.e5 Kf8 22.Rc2 Rb3
23.Kg2 Rd3 24.exd6 exd6 25.Rcd2 Rxd2 26.Rxd2 Bf6 27.Rc2 Ke8 28.Kf1 Kd7 29.Ke2 Kc7
30.Kd3 Kb6 31.Rc4 Ra7 32.Kc2 Re7 33.Kb1 g5 34.Rc2 Kb5 35.h3 h5 36.Ka2 Re4
37.Rd2 c4 38.Kb1 g4 39.hxg4 hxg4 40.Nh2 Re1+ 41.Kc2 Bg5 42.Nxg4 Bxd2 43.Kxd2 Rf1
44.Ke3 Rb1 45.Nh6 Kc5 46.Nxf7 Rxb2 47.g4 Rb7 48.Nh6 Kxd5 49.f4 Rc7 50.Kd2 Ke4
51.f5 d5 52.f6 c3+ 53.Kc1 d4 54.f7 Rc8 55.g5 d3 56.Ng8 c2 57.Nf6+ Kd4  0-1

[Event "Chicago Masters"]
[Site "Chicago"]
[Date "1992.??.??"]
[Round "?"]
[White "Fishbein, Alexander"]
[Black "Pelts, Peter"]
[Result "1/2-1/2"]
[WhiteElo "2495"]
[BlackElo "2270"]

1.e4 c5 2.Nf3 d6 3.d4 cxd4 4.Nxd4 Nf6 5.Nc3 e6 6.Be2 Be7 7.O-O a6 8.f4 O-O
9.a4 Nc6 10.Be3 Qc7 11.Kh1 Rb8 12.Bf3 Bd7 13.Nb3 b6 14.Qe2 Na5 15.Nd2 b5
16.axb5 axb5 17.e5 Ne8 18.b4 Qxc3 19.exd6 Nxd6 20.bxa5 Bc6 21.a6 Nf5 22.Bf2 Qxc2
23.a7 Ra8 24.Qd1 Qxd1 25.Rfxd1 Bxf3 26.Nxf3 h5 27.Ne5 Rfc8 28.Rdc1 Rxc1+
29.Rxc1 Bd6 30.Rc6 f6 31.Nd7 Kf7 32.Ra6 Bc7 33.g3 e5 34.fxe5 fxe5 35.Bb6 Ke7
36.Bxc7 Kxd7 37.Bxe5 b4 38.Bb8 Ne7 39.Rd6+ Ke8 40.Re6 Kd7 41.Rd6+ Ke8 42.Rb6 Nc8
43.Rb7 g6 44.Rc7 Kd8 45.Rb7 Ke8 46.Kg2 b3 47.Kf3 b2 48.Rxb2 Nxa7 49.Rb6 Nc8
50.Rb7 Ra6 51.Be5 Ne7 52.Bd4 Ra4  1/2-1/2

[Event "Philadelphia opI"]
[Site "Philadelphia"]
[Date "1992.??.??"]
[Round "1"]
[White "Fishbein, Alexander"]
[Black "Rios, Alejandro"]
[Result "1-0"]
[WhiteElo "2495"]
[BlackElo "2285"]

1.e4 e5 2.Nf3 Nc6 3.Bb5 a6 4.Ba4 Nf6 5.O-O Be7 6.Re1 b5 7.Bb3 O-O 8.d4 d6
9.c3 Bg4 10.Be3 d5 11.exd5 exd4 12.Bxd4 Nxd4 13.cxd4 Re8 14.Nc3 Bd6 15.Qd3 Bxf3
16.Qxf3 Qd7 17.h3 Re7 18.Re3 Rae8 19.Rae1 Bb4 20.Rxe7 Rxe7 21.Re3 Kf8 22.g4 h6
23.Ne2 Bd2 24.Re5 Qd6 25.Qd3 Ba5 26.f4 Bb6 27.Kg2 Qd8 28.g5 hxg5 29.fxg5 Rxe5
30.dxe5 Nd7 31.Qf5 Qe8 32.e6 Nc5 33.g6 f6 34.Qh5 Ke7 35.Nd4 Kd8 36.Qh7 Nd3
37.Nc6+ Kc8 38.Qxg7 Nf4+ 39.Kf3  1-0

[Event "World op"]
[Site "Philadelphia"]
[Date "1992.??.??"]
[Round "6"]
[White "Fishbein, Alexander"]
[Black "Ivanov, Alexander"]
[Result "1/2-1/2"]
[WhiteElo "2495"]
[BlackElo "2555"]

1.e4 e5 2.Nf3 Nc6 3.Bb5 a6 4.Ba4 Nf6 5.O-O Be7 6.Re1 b5 7.Bb3 d6 8.c3 O-O
9.d4 Bg4 10.Be3 Bh5 11.Nbd2 d5 12.exd5 Nxd5 13.Bxd5 Qxd5 14.Qb3 Qxb3 15.axb3 exd4
16.Nxd4 Nxd4 17.Bxd4 Rfe8 18.b4 f6 19.f3 Bd6 20.Rxe8+ Bxe8 21.Bf2 Bg6 22.Bg3 Rd8
23.Bxd6 Rxd6 24.Nb3 h6 25.Nc5 Rd2 26.Rxa6 Rxb2 27.Rc6 Rc2 28.Ne6 Bf7 29.Nd4 Rc1+
30.Kf2 Bc4 31.Rxc7 h5 32.h4 g6 33.Kg3 Kf8 34.Kf4 Ke8 35.Rc5 Kd7 36.Rc6 Ke7
37.Rc7+ Kd6 38.Rc6+ Ke7 39.Rc5 Kd7 40.g3 Ke7 41.g4 hxg4 42.fxg4 Rf1+ 43.Ke3 Rg1
44.g5 fxg5 45.hxg5 Rg3+ 46.Nf3 Kd6 47.Kf4 Rh3 48.Nd4 Rd3 49.Rc6+ Kd7 50.Rc5 Rxc3
51.Nxb5 Rh3 52.Ke5 Bf1 53.Nd4 Bg2 54.Rc2 Bh1 55.Rd2 Ke7 56.Re2 Rh4 57.b5 Rg4
58.Nc6+ Bxc6 59.bxc6 Rxg5+ 60.Kf4+ Kf6 61.Rc2 Rf5+ 62.Ke4 Re5+ 63.Kd4 Re8
64.c7 Rc8 65.Kd5 g5 66.Kd6 Kf5 67.Rc5+ Kf4 68.Rc4+ Kf5 69.Kd7 Rxc7+ 70.Rxc7 g4
71.Kd6 g3 72.Kd5 Kf4 73.Kd4 g2 74.Rg7 Kf3  1/2-1/2

[Event "World op"]
[Site "Philadelphia"]
[Date "1992.??.??"]
[Round "9"]
[White "Byrne, Robert E"]
[Black "Fishbein, Alexander"]
[Result "1/2-1/2"]
[WhiteElo "2455"]
[BlackElo "2495"]

1.e4 c5 2.Nf3 Nc6 3.d4 cxd4 4.Nxd4 Nf6 5.Nc3 d6 6.Bg5 e6 7.Qd2 Be7 8.O-O-O O-O
9.Nb3 Qb6 10.f3 Rd8 11.Qe3 Qxe3+ 12.Bxe3 b6 13.Nd4 Nxd4 14.Bxd4 Bb7 15.Be2 e5
16.Be3 d5 17.exd5 Nxd5 18.Nxd5 Bxd5 19.a3  1/2-1/2

[Event "Tel Aviv"]
[Site "Tel Aviv"]
[Date "1992.??.??"]
[Round "5"]
[White "Gofshtein, Leonid D"]
[Black "Fishbein, Alexander"]
[Result "1/2-1/2"]
[WhiteElo "2485"]
[BlackElo "2495"]

1.d4 Nf6 2.Nf3 g6 3.g3 Bg7 4.Bg2 O-O 5.O-O d6 6.Nc3 d5 7.Bf4 c6 8.Qd2 Re8
9.Bh6 Nbd7 10.Bxg7 Kxg7 11.Rad1 Qb6 12.b3 e5 13.dxe5 Nxe5 14.Nxe5 Rxe5 15.h3 h5
16.Na4 Qc7 17.e3 Re7 18.c4  1/2-1/2

[Event "Tel Aviv"]
[Site "Tel Aviv"]
[Date "1992.??.??"]
[Round "8"]
[White "Fishbein, Alexander"]
[Black "Psakhis, Lev"]
[Result "1-0"]
[WhiteElo "2495"]
[BlackElo "2605"]

1.e4 c5 2.Nf3 d6 3.d4 cxd4 4.Nxd4 Nf6 5.Nc3 a6 6.Be2 e6 7.a4 Be7 8.Be3 Nc6
9.O-O Bd7 10.f4 Nxd4 11.Qxd4 Bc6 12.b4 O-O 13.b5 Bd7 14.e5 Ne8 15.Ne4 d5
16.Nc5 Bc8 17.c4 dxc4 18.Qxd8 Bxd8 19.Bxc4 Nc7 20.b6 Nd5 21.Bxd5 exd5 22.a5 Be7
23.Rac1 Bxc5 24.Bxc5 Re8 25.Bd6 Bf5 26.Rc7 Rab8 27.Rd1 Be4 28.Rd2 Rec8 29.Kf2 h5
30.g3 Re8 31.Ke3 Red8 32.Kd4 Re8 33.Rd1 Red8 34.Rdc1 Re8 35.R1c5 Bf5 36.Rc3 Be6
37.Rc1 Kh7 38.Re7 Rxe7 39.Bxb8 Kg6 40.Rc7 Rd7 41.Rc8 Kf5 42.Rh8 Kg4 43.Bc7 g6
44.Rb8 Kh3 45.Rxb7 Kxh2 46.Ra7 Kxg3 47.Bd6  1-0